000 00318nam a2200133Ia 4500
008 151001s9999||||xx |||||||||||||| ||und||
100 _a कुश्नचंदर
245 _aहमराही
250 _a1
260 _bहिंद एजन्सी
260 _c1981
300 _a144
365 _b16
999 _c961338
_d961335